[Event "Gaprindashvili Cup (Women)"]
[Site "Tornelo INT"]
[Date "2020.11.10"]
[Round "7"]
[White "Tqeshelashvili, Sopio"]
[Black "Khazhomia, Salome"]
[Result "0-1"]
[WhiteElo "2269"]
[BlackElo "2092"]
[PlyCount "128"]
[EventDate "2020.11.08"]
[EventType "swiss (rapid)"]
[EventRounds "9"]
[EventCountry "GEO"]
[SourceTitle "CBM 199 Extra"]
[Source "ChessBase"]
[SourceDate "2021.01.31"]
[SourceVersion "1"]
[SourceVersionDate "2021.01.31"]
[SourceQuality "1"]

1. e4 e6 2. Qe2 c5 3. Nf3 Nc6 4. c3 d5 5. exd5 Qxd5 6. g3 Nf6 7. Bg2 Be7 8. 0-0 Qh5 9. d4 0-0 10. dxc5 e5 11. Bg5 Bxc5 12. Bxf6 gxf6 13. Qc4 Be7 14. Re1 Be6 15. Qa4 Rfd8 16. Nbd2 f5 17. Nb3 Bf6 18. Re3 e4 19. Nfd4 Bxb3 20. Nxb3 Rd1+ 21. Re1 Rxa1 22. Nxa1 Ne5 23. Qd1 Qh6 24. Nb3 Nd3 25. Re2 Rd8 26. Qc2 b6 27. a4 Qg5 28. Nd2 h5 29. Re3 Ne1 30. Qc1 Nd3 31. Qc2 Ne1 32. Qd1 Nxg2 33. Kxg2 f4 34. Rxe4 f3+ 35. Qxf3 Rxd2 36. h4 Qd5 37. c4 Qd8 38. Qxh5 Bg7 39. Qb5 Qa8 40. Qf5 Re2 41. Kf3 Rxe4 42. Qxe4 Qxe4+ 43. Kxe4 Bxb2 44. g4 Kg7 45. f4 Bc3 46. f5 Be1 47. h5 Bh4 48. Ke5 f6+ 49. Kd6 Bf2 50. Kc6 Kh6 51. Kb5 a5 52. Kc6 Kg5 53. Kd5 Be3 54. Ke6 Kxg4 55. Kxf6 Kxh5 56. Ke7 Bc5+ 57. Ke6 Kg5 58. f6 Kg6 59. f7 Kg7 60. Kd5 Kxf7 61. Kc6 Ke6 62. Kb5 Ke5 63. Kc6 Kd4 64. Kb5 Kc3 0-1

[Event "Gaprindashvili Cup (Women)"]
[Site "Tornelo INT"]
[Date "2020.11.08"]
[Round "2"]
[White "Khazhomia, Salome"]
[Black "Arabidze, Meri"]
[Result "0-1"]
[WhiteElo "2092"]
[BlackElo "2437"]
[PlyCount "62"]
[EventDate "2020.11.08"]
[EventType "swiss (rapid)"]
[EventRounds "9"]
[EventCountry "GEO"]
[SourceTitle "CBM 199 Extra"]
[Source "ChessBase"]
[SourceDate "2021.01.31"]
[SourceVersion "1"]
[SourceVersionDate "2021.01.31"]
[SourceQuality "1"]

1. d4 Nf6 2. c4 e6 3. Nf3 d5 4. Nc3 Nbd7 5. Bf4 dxc4 6. e3 b5 7. Nxb5 Bb4+ 8. Nc3 Nd5 9. Qc2 N7b6 10. a3 Bxc3+ 11. bxc3 Nxf4 12. exf4 Bb7 13. Bxc4 Bxf3 14. gxf3 0-0 15. Bd3 Qh4 16. Be4 Rac8 17. Ke2 c5 18. Rad1 f5 19. Bb7 Rc7 20. dxc5 Rxc5 21. Qb3 Rc7 22. Ba6 Nd5 23. c4 Nxf4+ 24. Ke1 Qf6 25. Kf1 e5 26. c5+ Kh8 27. Bb5 Rxc5 28. Rg1 Rb8 29. a4 h6 30. Qe3 Rbc8 31. Rg3 a6 0-1

[Event "EU-ch Online U2300 Qual"]
[Site "Chess.com INT"]
[Date "2020.05.25"]
[Round "6"]
[White "Khazhomia, Salome"]
[Black "Goltseva, Ekaterina"]
[Result "0-1"]
[WhiteElo "2092"]
[BlackElo "2306"]
[PlyCount "88"]
[EventDate "2020.05.25"]
[EventType "swiss"]
[EventRounds "8"]
[EventCountry "NET"]
[SourceTitle "EXT 2021"]
[Source "ChessBase"]
[SourceDate "2020.10.23"]
[SourceVersion "1"]
[SourceVersionDate "2020.10.23"]
[SourceQuality "1"]

1. d4 Nf6 2. c4 e6 3. Nf3 d5 4. Nc3 dxc4 5. e3 a6 6. a4 b6 7. Bxc4 Bb7 8. 0-0 Bb4 9. Bd3 0-0 10. Qe2 c5 11. Na2 Nc6 12. Nxb4 Nxb4 13. Bb1 Bxf3 14. Qxf3 cxd4 15. Rd1 d3 16. b3 e5 17. Bb2 e4 18. Qf4 Nbd5 19. Qe5 Re8 20. Qd4 Qd7 21. Ba2 Rad8 22. b4 Qg4 23. Qc4 Rc8 24. Qb3 Qg6 25. Rac1 h6 26. b5 a5 27. Rc6 Nb4 28. Rxb6 Nxa2 29. Qxa2 Rc2 30. Qb3 Qf5 31. Rf1 Ng4 32. Rc6 Rxf2 33. Rcc1 Rxg2+ 34. Kxg2 Nxe3+ 35. Kh1 Nxf1 36. Qd1 Ne3 37. Qd2 Ng4 38. Qg2 e3 39. h3 Nf2+ 40. Kh2 Qf4+ 41. Kg1 g6 42. Rf1 d2 43. Bc3 d1Q 44. Rxd1 Nxd1 0-1

[Event "EU-ch Online U2300 Qual"]
[Site "Chess.com INT"]
[Date "2020.05.25"]
[Round "3"]
[White "Khazhomia, Salome"]
[Black "Papp, Petra"]
[Result "0-1"]
[WhiteElo "2092"]
[BlackElo "2338"]
[PlyCount "110"]
[EventDate "2020.05.25"]
[EventType "swiss"]
[EventRounds "8"]
[EventCountry "NET"]
[SourceTitle "EXT 2021"]
[Source "ChessBase"]
[SourceDate "2020.10.23"]
[SourceVersion "1"]
[SourceVersionDate "2020.10.23"]
[SourceQuality "1"]

1. d4 Nf6 2. c4 g6 3. Nc3 d5 4. cxd5 Nxd5 5. Na4 Bg7 6. e4 Nb6 7. Be3 0-0 8. Nf3 N8d7 9. Be2 Nf6 10. Nc3 Ng4 11. Bf4 f5 12. Qb3+ e6 13. e5 Nd5 14. Nxd5 exd5 15. Rc1 c6 16. Qc3 Nh6 17. Qe3 Nf7 18. Ng5 Qe7 19. a3 a5 20. Nxf7 Qxf7 21. h4 h6 22. Rc3 Kh7 23. Qd2 Be6 24. Rg3 b6 25. Rc3 Rac8 26. Qc2 c5 27. Qd2 c4 28. Rg3 Ra8 29. a4 Bd7 30. Bd1 b5 31. axb5 Bxb5 32. Qc3 a4 33. 0-0 Bd7 34. Re1 Be6 35. Qc1 Rfb8 36. Ra3 Qb7 37. Re2 Qb4 38. h5 gxh5 39. Bc2 h4 40. Qe3 Qxb2 41. Bxf5+ Bxf5 42. Rxb2 Rxb2 43. e6 Rb3 44. Rxb3 cxb3 45. Qc3 a3 46. Bc1 a2 47. Bb2 Bxe6 48. Qc6 a1Q+ 49. Bxa1 Rxa1+ 50. Kh2 Bf5 51. Qxd5 Bc2 52. Qb5 Ra2 53. Qc4 Ra7 54. Qb4 Rd7 55. d5 b2 0-1

[Event "EU-ch Online U2300 Qual"]
[Site "Chess.com INT"]
[Date "2020.05.25"]
[Round "7"]
[White "Sorin, Michael"]
[Black "Khazhomia, Salome"]
[Result "1-0"]
[WhiteElo "2219"]
[BlackElo "2092"]
[PlyCount "51"]
[EventDate "2020.05.25"]
[EventType "swiss"]
[EventRounds "8"]
[EventCountry "NET"]
[SourceTitle "EXT 2021"]
[Source "ChessBase"]
[SourceDate "2020.10.23"]
[SourceVersion "1"]
[SourceVersionDate "2020.10.23"]
[SourceQuality "1"]

1. Nf3 Nf6 2. c4 e6 3. Nc3 d5 4. d4 b6 5. cxd5 exd5 6. Bg5 Bb7 7. e3 Be7 8. Bd3 h6 9. Bh4 0-0 10. 0-0 Ne4 11. Bxe7 Qxe7 12. Bxe4 Qd8 13. Bc2 Nd7 14. Ne5 Nxe5 15. dxe5 Re8 16. Qd3 g6 17. f4 c6 18. Rf3 c5 19. Rg3 d4 20. exd4 cxd4 21. Ne4 Kg7 22. Nf6 Re6 23. Rxg6+ fxg6 24. Qxg6+ Kf8 25. Qg8+ Ke7 26. Qg7# 1-0

[Event "Batumi Municipality Cup"]
[Site "Batumi"]
[Date "2016.07.09"]
[Round "8"]
[White "Khazhomia, Salome"]
[Black "Imnadze, Nato"]
[Result "0-1"]
[WhiteElo "2154"]
[BlackElo "2281"]
[PlyCount "80"]
[EventDate "2016.07.02"]
[EventType "swiss"]
[EventRounds "9"]
[EventCountry "GEO"]
[SourceTitle "EXT 2017"]
[Source "ChessBase"]
[SourceDate "2016.10.25"]
[SourceVersion "1"]
[SourceVersionDate "2016.10.25"]
[SourceQuality "1"]

1. d4 d5 2. Nf3 Nf6 3. c4 e6 4. Nc3 c6 5. e3 Nbd7 6. Qc2 Bd6 7. b3 0-0 8. Bb2 Qe7 9. Be2 b6 10. 0-0 Bb7 11. Bd3 e5 12. cxd5 cxd5 13. dxe5 Nxe5 14. Nd4 Nxd3 15. Qxd3 Qe5 16. f4 Qh5 17. Nf5 Ba6 18. Qxa6 Qxf5 19. Rf3 Rfe8 20. Na4 Rac8 21. Rg3 Rc2 22. Bd4 Rec8 23. Rf1 Rc1 24. Rg5 Qe6 25. Qd3 h6 26. Rg3 Rxf1+ 27. Qxf1 Bb4 28. Qd1 Qf5 29. h3 b5 30. Nb2 Bc3 31. Kh2 Bxd4 32. Qxd4 Rc1 33. Qd3 Ne4 34. Rf3 h5 35. Rf1 Rc3 36. Qe2 Qg6 37. Rd1 Qg3+ 38. Kg1 Rxe3 39. Qc2 Nc3 40. Qf5 Nxd1 0-1

[Event "Poti Aleksandria Cup 10th"]
[Site "Poti"]
[Date "2015.07.16"]
[Round "5"]
[White "Khazhomia, Salome"]
[Black "Bernadskiy, Vitaliy"]
[Result "0-1"]
[WhiteElo "2099"]
[BlackElo "2548"]
[PlyCount "98"]
[EventDate "2015.07.13"]
[EventType "swiss"]
[EventRounds "9"]
[EventCountry "GEO"]
[SourceTitle "CBM 167 Extra"]
[Source "ChessBase"]
[SourceDate "2015.09.14"]
[SourceVersion "1"]
[SourceVersionDate "2015.09.14"]
[SourceQuality "1"]

1. d4 Nf6 2. c4 g6 3. Nc3 d5 4. cxd5 Nxd5 5. Bd2 Bg7 6. e4 Nb6 7. Be3 0-0 8. Bb5 Nc6 9. Nf3 Bg4 10. d5 Ne5 11. Be2 Nxf3+ 12. gxf3 Bh3 13. Qd2 e6 14. Bh6 exd5 15. Bxg7 Kxg7 16. Qd4+ Qf6 17. Qxf6+ Kxf6 18. exd5 Rad8 19. 0-0-0 Bf5 20. b3 Rd6 21. Kb2 Rfd8 22. Ne4+ Bxe4 23. fxe4 Ke5 24. f3 f5 25. Bc4 fxe4 26. fxe4 Kxe4 27. Rhe1+ Kf5 28. h4 Nxd5 29. Bxd5 Rxd5 30. Rxd5+ Rxd5 31. Re7 h5 32. Rxc7 Kg4 33. Rxb7 Kxh4 34. Rxa7 Kg3 35. a4 h4 36. Rc7 Rh5 37. Rc3+ Kf4 38. Rc4+ Ke3 39. Rc3+ Kd4 40. Rc4+ Ke5 41. Rc5+ Kd6 42. Rc1 h3 43. Rd1+ Kc6 44. Rh1 g5 45. Kc3 g4 46. Kd4 g3 47. Ke3 Kb7 48. Kf3 g2 49. Re1 Rf5+ 0-1

[Event "Poti Aleksandria Cup 9th"]
[Site "Poti"]
[Date "2014.07.20"]
[Round "9"]
[White "Khazhomia, Salome"]
[Black "Zeynalov, Rashad"]
[Result "0-1"]
[WhiteElo "2128"]
[BlackElo "2093"]
[PlyCount "150"]
[EventDate "2014.07.13"]
[EventType "swiss"]
[EventRounds "9"]
[EventCountry "GEO"]
[SourceTitle "CBM 161 Extra"]
[Source "ChessBase"]
[SourceDate "2014.08.29"]
[SourceVersion "1"]
[SourceVersionDate "2014.08.29"]
[SourceQuality "1"]

1. c4 Nf6 2. Nc3 g6 3. g3 Bg7 4. Bg2 0-0 5. d4 c5 6. dxc5 Qa5 7. Qa4 Qxc5 8. Be3 Qc7 9. Nf3 d6 10. Nb5 Qd8 11. Rd1 Nc6 12. Nfd4 Bd7 13. Nxc6 Bxc6 14. Bxc6 bxc6 15. Nc3 Qc8 16. 0-0 h6 17. Bd4 e5 18. Be3 Rd8 19. f3 d5 20. Bc5 Nd7 21. Qa3 Nxc5 22. Qxc5 d4 23. Na4 Qe6 24. b3 e4 25. f4 d3 26. e3 f5 27. Qa3 a5 28. Qc1 Rdb8 29. Qd2 Qe7 30. Qg2 h5 31. h3 Kf7 32. Rd2 Rb4 33. Rc1 Rab8 34. Qf2 Bf6 35. Qe1 Qa7 36. Qf2 Be7 37. Nc3 Bc5 38. Re1 R4b7 39. Kg2 Bb4 40. Na4 Rd7 41. Rh1 Bxd2 42. Qxd2 Rdd8 43. Kf2 Rb4 44. Nc3 Qe7 45. Rc1 Rb7 46. h4 Qb4 47. Ke1 Ra8 48. Na4 Qxd2+ 49. Kxd2 Rb4 50. Rd1 Rab8 51. Kc3 Ke7 52. Nc5 R4b6 53. Na4 Ra6 54. Nc5 Ra7 55. Na4 Kd6 56. Rc1 Rb4 57. Rd1 Rxa4 58. bxa4 Rb7 59. a3 Kc5 60. Rc1 Rb8 61. Rd1 Rb7 62. Rc1 d2 63. Kxd2 Rb2+ 64. Kc3 Re2 65. Rg1 Rxe3+ 66. Kb2 Kxc4 67. Rc1+ Kd5 68. Rg1 c5 69. Rg2 c4 70. Rg1 Kd4 71. Rd1+ Rd3 72. Rg1 Rd2+ 73. Kc1 e3 74. g4 hxg4 75. h5 gxh5 0-1

[Event "Poti Aleksandria Cup 9th"]
[Site "Poti"]
[Date "2014.07.14"]
[Round "3"]
[White "Khazhomia, Salome"]
[Black "Pantsulaia, Levan"]
[Result "0-1"]
[WhiteElo "2128"]
[BlackElo "2591"]
[PlyCount "70"]
[EventDate "2014.07.13"]
[EventType "swiss"]
[EventRounds "9"]
[EventCountry "GEO"]
[SourceTitle "CBM 161 Extra"]
[Source "ChessBase"]
[SourceDate "2014.08.29"]
[SourceVersion "1"]
[SourceVersionDate "2014.08.29"]
[SourceQuality "1"]

1. d4 c5 2. d5 Nf6 3. Nc3 g6 4. e4 d6 5. Be2 Bg7 6. Nf3 0-0 7. 0-0 Bg4 8. Nd2 Bxe2 9. Qxe2 Na6 10. Nc4 Rb8 11. Nb5 Nc7 12. a4 Nfe8 13. Ra3 Nxb5 14. axb5 Nc7 15. Rb3 b6 16. Bf4 Qd7 17. Na3 f5 18. f3 e6 19. c4 Rbe8 20. Qd2 fxe4 21. fxe4 exd5 22. exd5 Bd4+ 23. Kh1 g5 24. Rg3 g4 25. h3 h5 26. Qd3 Qh7 27. Bxd6 Rxf1+ 28. Qxf1 Qd7 29. Bxc7 Qxc7 30. Rd3 Rf8 31. Qc1 Qe5 32. Qd1 Qe4 33. Rg3 Be5 34. Qc1 Bxg3 35. Qg5+ Kf7 0-1

[Event "Baku op"]
[Site "Baku"]
[Date "2012.09.29"]
[Round "8"]
[White "Idani, Pouya"]
[Black "Khazhomia, Salome"]
[Result "1-0"]
[WhiteElo "2469"]
[BlackElo "2143"]
[PlyCount "26"]
[EventDate "2012.09.22"]
[EventType "swiss"]
[EventRounds "9"]
[EventCountry "AZE"]
[SourceTitle "CBM 150 Extra"]
[Source "ChessBase"]
[SourceDate "2012.10.19"]
[SourceVersion "1"]
[SourceVersionDate "2012.10.19"]
[SourceQuality "1"]

1. Nf3 g6 2. c4 Bg7 3. Nc3 d6 4. g3 e5 5. Bg2 Ne7 6. 0-0 c6 7. d4 0-0 8. Rb1 f5 9. dxe5 dxe5 10. Qxd8 Rxd8 11. Bg5 Kf7 12. e4 Be6 13. Rfe1 Nd7 1-0

[Event "Baku op"]
[Site "Baku"]
[Date "2012.09.27"]
[Round "6"]
[White "Nasri, Amin"]
[Black "Khazhomia, Salome"]
[Result "1-0"]
[WhiteElo "2319"]
[BlackElo "2143"]
[PlyCount "92"]
[EventDate "2012.09.22"]
[EventType "swiss"]
[EventRounds "9"]
[EventCountry "AZE"]
[SourceTitle "CBM 150 Extra"]
[Source "ChessBase"]
[SourceDate "2012.10.19"]
[SourceVersion "1"]
[SourceVersionDate "2012.10.19"]
[SourceQuality "1"]

1. d4 g6 2. c4 Bg7 3. Nc3 d6 4. e4 e5 5. d5 Nd7 6. Be2 a5 7. h4 h5 8. f3 Bh6 9. Bxh6 Nxh6 10. Qd2 Nc5 11. 0-0-0 a4 12. g3 Bd7 13. Nh3 Qe7 14. Nf2 f5 15. Rde1 0-0-0 16. Nd3 Nxd3+ 17. Bxd3 fxe4 18. Nxe4 b6 19. Qb4 Kb7 20. f4 Ng4 21. Be2 Ra8 22. Ng5 Ra5 23. Bd1 Bf5 24. Bxa4 e4 25. a3 e3 26. Bc2 Bxc2 27. Kxc2 Rg8 28. Rhf1 Nh2 29. Rh1 Nf3 30. Ne6 Nxe1+ 31. Rxe1 Qf6 32. Rxe3 Rc8 33. Qc3 Qxc3+ 34. Rxc3 c6 35. dxc6+ Kxc6 36. Nd4+ Kd7 37. Re3 Re8 38. Rd3 Rc5 39. Nb5 Re6 40. a4 Rc8 41. Nd4 Re4 42. f5 gxf5 43. Nxf5 Re6 44. Nd4 Re5 45. Nb5 Re6 46. Rc3 Re4 1-0

[Event "Baku op"]
[Site "Baku"]
[Date "2012.09.23"]
[Round "2"]
[White "Babayev, Talib"]
[Black "Khazhomia, Salome"]
[Result "0-1"]
[WhiteElo "2397"]
[BlackElo "2143"]
[PlyCount "60"]
[EventDate "2012.09.22"]
[EventType "swiss"]
[EventRounds "9"]
[EventCountry "AZE"]
[SourceTitle "CBM 150 Extra"]
[Source "ChessBase"]
[SourceDate "2012.10.19"]
[SourceVersion "1"]
[SourceVersionDate "2012.10.19"]
[SourceQuality "1"]

1. e4 g6 2. d4 Bg7 3. Nc3 c6 4. Nf3 d5 5. Bd3 Bg4 6. e5 Qb6 7. Na4 Qa5+ 8. c3 Nd7 9. b4 Qc7 10. h3 Bxf3 11. Qxf3 b5 12. Nc5 Nxc5 13. bxc5 e6 14. 0-0 Ne7 15. Bg5 0-0 16. g4 Kh8 17. h4 Ng8 18. Bf6 Bxf6 19. exf6 e5 20. Be2 Rfe8 21. h5 gxh5 22. g5 exd4 23. cxd4 Re4 24. Qxh5 Nxf6 25. gxf6 Rg8+ 26. Kh1 Qf4 27. Qh3 Qf5 28. Kh2 Qxf6 29. Rg1 Qxf2+ 30. Kh1 Rh4 0-1

[Event "EU-ch (Women) 12th"]
[Site "Tbilisi"]
[Date "2011.05.15"]
[Round "8"]
[White "Khazhomia, Salome"]
[Black "Milliet, Sophie"]
[Result "1-0"]
[WhiteElo "2152"]
[BlackElo "2388"]
[PlyCount "83"]
[EventDate "2011.05.07"]
[EventType "swiss"]
[EventRounds "11"]
[EventCountry "GEO"]
[SourceTitle "CBM 142 Extra"]
[Source "ChessBase"]
[SourceDate "2011.06.27"]
[SourceVersion "1"]
[SourceVersionDate "2011.06.27"]
[SourceQuality "1"]

1. d4 Nf6 2. c4 c5 3. e3 g6 4. Be2 Bg7 5. Nc3 cxd4 6. exd4 0-0 7. Nf3 d5 8. Ne5 Be6 9. Bf3 Nc6 10. 0-0 Rc8 11. Nxc6 bxc6 12. c5 Rb8 13. a3 Bf5 14. Ra2 Ne4 15. Bf4 Nxc3 16. bxc3 Rb1 17. Qa4 Rxf1+ 18. Kxf1 Qd7 19. Rb2 Bd3+ 20. Kg1 Re8 21. Qd1 Bc4 22. Bg4 e6 23. h3 h5 24. Be2 Bxe2 25. Rxe2 Qb7 26. Qc1 Qa6 27. Qb2 Qc4 28. Re3 Qa6 29. Re1 Kh7 30. Qb4 f6 31. Bd6 e5 32. Rb1 Qd3 33. Qb7 Kh6 34. Rf1 exd4 35. cxd4 Qxd4 36. Qxc6 Re2 37. Qc8 Rc2 38. Qe8 f5 39. g3 Kh7 40. Qd7 h4 41. gxh4 Rc3 42. h5 1-0

[Event "EU-ch (Women) 12th"]
[Site "Tbilisi"]
[Date "2011.05.13"]
[Round "7"]
[White "Khazhomia, Salome"]
[Black "Choladze, Mariam"]
[Result "1-0"]
[WhiteElo "2152"]
[BlackElo "1818"]
[PlyCount "81"]
[EventDate "2011.05.07"]
[EventType "swiss"]
[EventRounds "11"]
[EventCountry "GEO"]
[SourceTitle "CBM 142 Extra"]
[Source "ChessBase"]
[SourceDate "2011.06.27"]
[SourceVersion "1"]
[SourceVersionDate "2011.06.27"]
[SourceQuality "1"]

1. d4 Nf6 2. c4 e6 3. Nf3 b6 4. g3 Bb4+ 5. Bd2 Be7 6. Bg2 Bb7 7. 0-0 0-0 8. Nc3 d5 9. Ne5 Nbd7 10. Bf4 c6 11. cxd5 cxd5 12. Rc1 Rc8 13. Nd3 Ne4 14. Qa4 Bc6 15. Qb3 Ndf6 16. Ne5 Bb7 17. Nb5 a6 18. Na7 Rxc1 19. Rxc1 Qa8 20. Nac6 Bd8 21. Nxd8 Qxd8 22. Nc6 Qd7 23. Qxb6 Bc8 24. Na7 h6 25. f3 Ng5 26. h4 Ngh7 27. Rc7 Qd8 28. Nxc8 Nd7 29. Qd6 Nhf6 30. Ne7+ Kh7 31. Nc6 Qa8 32. Rxd7 Nxd7 33. Qxd7 Rc8 34. Ne5 Rc2 35. Qxf7 Rxb2 36. Bxh6 Rb7 37. Qg6+ Kg8 38. Bh3 Qa7 39. Qxe6+ Kh8 40. Qe8+ Kh7 41. Bf5+ 1-0

[Event "EU-ch (Women) 12th"]
[Site "Tbilisi"]
[Date "2011.05.12"]
[Round "6"]
[White "Asgarova, Turan Nizami Qizi"]
[Black "Khazhomia, Salome"]
[Result "0-1"]
[WhiteElo "1957"]
[BlackElo "2152"]
[PlyCount "88"]
[EventDate "2011.05.07"]
[EventType "swiss"]
[EventRounds "11"]
[EventCountry "GEO"]
[SourceTitle "CBM 142 Extra"]
[Source "ChessBase"]
[SourceDate "2011.06.27"]
[SourceVersion "1"]
[SourceVersionDate "2011.06.27"]
[SourceQuality "1"]

1. e4 e6 2. d4 d5 3. exd5 exd5 4. c4 c6 5. Nc3 Nf6 6. Bd3 Be6 7. Qe2 Be7 8. Nf3 dxc4 9. Bxc4 Bxc4 10. Qxc4 0-0 11. 0-0 Nbd7 12. Be3 Nb6 13. Qb3 Nfd5 14. Ne5 Bf6 15. Nd3 Re8 16. Rae1 Qc7 17. Nb4 Nxb4 18. Qxb4 Qe7 19. Qxe7 Rxe7 20. b3 Rd8 21. Rd1 Red7 22. Ne2 c5 23. d5 Nxd5 24. Rd3 Nxe3 25. Rxe3 Rd2 26. a4 Rb2 27. g3 g6 28. Re1 Rdd2 29. f4 Bd4 30. Nxd4 cxd4 31. Re8+ Kg7 32. R8e7 Rxb3 33. Rd7 Rbb2 34. h4 Rb3 35. Kh1 h5 36. Rc1 a5 37. Re1 b6 38. Rc1 Rb4 39. Rb7 d3 40. Kg1 Rxa4 41. Rxb6 Raa2 42. Rb7 Rg2+ 43. Kh1 d2 44. Rd1 Re2 0-1

[Event "Tbilisi Cup"]
[Site "Tbilisi"]
[Date "2010.05.22"]
[Round "8"]
[White "Khazhomia, Salome"]
[Black "Quparadze, Giga"]
[Result "1-0"]
[WhiteElo "2136"]
[BlackElo "2348"]
[PlyCount "155"]
[EventDate "2010.05.15"]
[EventType "swiss"]
[EventRounds "9"]
[EventCountry "GEO"]
[SourceTitle "CBM 136 Extra"]
[Source "ChessBase"]
[SourceDate "2010.07.02"]
[SourceVersion "2"]
[SourceVersionDate "2010.07.15"]
[SourceQuality "1"]

1. d4 e6 2. c4 f5 3. g3 Nf6 4. Bg2 d5 5. Nf3 c6 6. 0-0 Bd6 7. Nc3 0-0 8. cxd5 exd5 9. Bf4 Bxf4 10. gxf4 Nbd7 11. e3 Ne4 12. Ne5 Rf6 13. f3 Nd6 14. b3 Rh6 15. Rf2 Nb6 16. Bf1 Be6 17. Rg2 a5 18. a4 Qe7 19. Raa2 Nd7 20. Ne2 Kh8 21. Nc1 Nxe5 22. fxe5 Nf7 23. f4 g5 24. Nd3 Rg8 25. Qe1 Qd8 26. Nc5 Bc8 27. b4 b6 28. Nd3 axb4 29. Qxb4 Rh3 30. Qe1 Ba6 31. Rg3 Rh6 32. Nb4 Bxf1 33. Qxf1 c5 34. dxc5 bxc5 35. Nd3 c4 36. Nc1 Rb6 37. Kg2 Qa8 38. Kg1 Qa7 39. Ne2 Rb3 40. Qf2 gxf4 41. exf4 Qa6 42. Qc5 Nh6 43. Rxg8+ Nxg8 44. Qxd5 Rd3 45. Qc5 Rd1+ 46. Kf2 Qb7 47. e6 Rd5 48. Rb2 Qa8 49. Rb8 Rxc5 50. Rxa8 Kg7 51. Ke3 Rd5 52. Nd4 Nf6 53. h3 Rc5 54. Ra7+ Kg6 55. Kd2 c3+ 56. Kc2 Nd5 57. Rb7 Ne3+ 58. Kc1 Rd5 59. Rd7 Kf6 60. Rxd5 Nxd5 61. Kc2 Ke7 62. a5 Kd6 63. Kb3 Nxf4 64. a6 c2 65. Kxc2 Nd5 66. a7 Nb6 67. Kd3 Ke7 68. Ke3 Kf6 69. Kf3 Ke7 70. Kg3 Kf6 71. Kh4 Na8 72. Kh5 Nc7 73. Kh6 f4 74. Kxh7 f3 75. Nxf3 Kxe6 76. Kg6 Ke7 77. h4 Kf8 78. h5 1-0